000 01940cam a22004454i 4500
003 PE-LiUPU
005 20250731172719.0
008 150617s1979 sp rb 000 0 spa d
020 _a8472930556
040 _aPE-LiUPU
_bspa
_cPE-LiUPU
_erda
049 _aPRUA
082 0 4 _a224.5
_bC263d
_223
100 1 _aCarballosa, Evis L.,
_eautor.
245 1 0 _aDaniel y el Reino Mesiánico /
_cEvis L. Carballosa.
264 1 _aBarcelona :
_bPublicaciones Portavoz Evangelico,
_c1979.
300 _a309 páginas ;
_c21 centímetros.
336 _atext
_2rdacontent
337 _aunmediated
_2rdamedia
338 _avolume
_2rdacarrier
504 _aIncluye bibliografía.
505 0 _aEl Libro de Daniel ante la critica -- El argumento del libro de Daniel -- Daniel ante la cautividad babilónica -- El sueño de Nabucodonosor. Dios rebela su plan para los gentiles -- El hombre muestra su rebeldía hacia Dios -- El hombre muestra su rebeldía hacia Dios (continuación): El segundo sueño de Nabucodonosor -- El hombre muestra su rebeldía hacia Dios (continuación): la fiesta final -- El hombre muestra su rebeldía hacia Dios (continuación): Daniel en el foso de los leones -- la visión de las cuatro bestias y el fin del poderío gentil -- La visión del carnero y el macho cabrío -- La revelación de las setenta Endonas -- La visión de la consumación del plan de Dios para Israel -- Historia de Israel hasta los tiempos del fin
526 _aSEG42
526 _aSEG41
526 _aSEG40
526 _aSEG39
526 _aP94
526 _aP87
526 _aP86
526 _aP85
526 _aP77
526 _aP76
526 _aP35
630 1 4 _aBiblia
_pDaniel
_xComentarios.
650 2 4 _aMesías.
910 _ajck
942 _2ddc
_cBK
999 _c1124
_d1124
980 _81
_gALBERTO SANCHEZ Responsable de Automatización